000 00563nam a22001817a 4500
999 _c181600
_d181600
005 20211112120112.0
010 _aENG-129968
020 _c450.00
_a9789353886721
035 _aEN-113500
037 _bDBAD/PUB
082 _a658.402
100 _aKapal Rishi
245 _aManaging Large Teams:
_bovercoming skip-level Frictions & Executive lsolation /
_cby Rishi Kapal
260 _bSage
_c2021
270 _bNew Delhi
_aBI/1-1 Mohan Cooperative Industrial Area
_e110044
300 _aix,213p
_c21cm (pbk)
942 _2ddc
_cEN
_mKAP
_h658.402